Quizzes
Events
Quiz Creation
Community
Videos
Private Events
Remove Ads
Sign In
Join for FREE
Feedback
Dark Mode
Quiz Categories
Sports
Geography
Music
Movies
Television
Just For Fun
Miscellaneous
History
Literature
Language
Science
Gaming
Entertainment
Religion
Holiday
For Kids
Quiz Lab
Recent
Popular Today
Quiz Kudos Today
Editor Picks
Curator Picks
Quizzes by...
Day
Popularity
Type
Ratings
Length
Year
Community
Subscriptions
Recent Discussions
Orange Saloon
Badges
Playlists
Quests
Create
Leaderboards
Showdown
Live 5
Trivia Bingo
Activity
Puzzle Library
Sporcle Events
Private Events
Virtual Trivia
Globe League
Become a Host
Pub Owners
SporcleCon
Opinionation
Our Games
Videos
Blog
Mobile Apps
Partnerships
Remove Ads and Go Orange
Feedback
Miscellaneous
Crossword
General Knowledge
Baby Names
Logo
Food
Cars
Numbers
Grab Bag
University
College
Popular
Company
Slogans
Restaurants
Justice
Letter
Miscellaneous
Crossword
General Knowledge
Baby Names
Logo
Food
Cars
Numbers
Grab Bag
University
College
Popular
Company
Slogans
Restaurants
Justice
Letter
Random Quiz
Search Sporcle
×
Quiz Lab
Quiz Lab
Miscellaneous
Sporcle
Type in answers that appear in a list
Type in answers that appear in a list
Classic
Best Score? Go Orange.
Sporcle Quizzes by Comment Stats
Can you name the following Sporcle quizzes by messages left in their Comments sections?
By
Gjarble
8m
20 Questions
116 Plays
116 Plays
116 Plays
Comments
Comments
Give Quiz Kudos
Give Quiz Kudos
-
- Ratings
hide this ad
Replay
Link that replays current quiz
Next Quiz
Link to next quiz in quiz playlist
You Got
0%
They Got
Avg Score
22%
Avg Friend Score
Upgrade to see
Score Distribution
Jump to the score distribution portion of the page
Score
0/20
Timer
08:00
0
Plays Today
Comment
Quiz
% Correct
I got the first 27 pretty quickly... then it took me about 3 minutes of meditation and visualization with my eyes closed to get Pacific Avenue.
Monopoly Properties (U.S.)
62.9%
Why is gut not included? It's (a) an accepted medical term and (b) not remotely rude.
3 Letter Body Parts
59.5%
I missed 3 Fundamental Forces, 2 Tarot Card suits, 1 Marx Brother, 1 Monkee, 1 Section of an Orchestra, 1 State of Matter and a partridge in a pear tree.
Famous Foursomes
51.7%
surprised 'eat' and 'food' werent on the list. I always think about food.
Commonest English Words
34.5%
Now everyone go follow Sporcle!
Most Twitter Followers
34.5%
i knew most of it 8 years ago, to be a kid again :sigh:
Pokémon Characters (Generation I)
25%
If you're finding this hard going, Tom Lehrer will tell you the first hundred and two, which leaves you thirteen minutes to get the last sixteen. [YouTube link]
Periodic Table
23.3%
Walked right into that one. Only saved by the fact that youtube is blocked here (but luckily not sporcle).
Rick Astley
21.6%
Funny, I was always taught not to throw rocks. I guess that's WAY different from stones.
Adages
18.1%
The first quiz in the history of the world that I ever have or ever will be able to finish in zero seconds.
Things Meat Loaf Won't Do For Love
18.1%
Comment
Quiz
% Correct
Some advice: Don't think too hard about that last answer.
Sporcle Quizzes by Comment
17.2%
As I'm not American and haven't got a clue about American sports, I had fun naming different animals :D
Big 4 U.S. Sports
14.7%
'It was just their time' did not come up. I think this sporcle is broken.
Causes of Death (U.S)
12.9%
I would have gotten them all if I'd thought to list frosted ones separately ...
Pop-Tart Flavors
12.1%
I've always liked the name Grubbly-
Plank when reading these books.
Harry Potter Surnames
11.2%
Great quiz. I was hoping my namesake's show would be on the list, but it came up four months short.
Longest-Running Sitcoms (U.S)
9.5%
brought me back to my days of taking flying lessons -
fun. Couldn't remember Quebec for the life of me!
English Phonetic Alphabet
7.8%
I got 17, but only because my son reminded me how to spell Woolf
British Authors
5.2%
Really? Philly is all you need for Philadelphia? I demand Detroit be shortened to D-
Town.
4-Sport U.S. Cities
3.4%
I guess the whole one child per family thing must be seriously slowing growth rates.
World Population 2050
2.6%
Quiz Playlist
Details
Report
Send in Message
Add To Playlist
Classic:
Type in answers that appear in a list
Last Updated: Feb 16, 2017
Quiz Scoreboard
CHALLENGE
Sign Up to Join the Scoreboard
Show All
Scores
Hide
Comments
May contain spoilers
Recently Published
Decade Duel: World Leaders
by jenniferyan
History
4m
Alphabetical 'K' Countries by Flag Minefield
by ylime102
Geography
3m
Pick 6: Fruits
by JohnFran
Miscellaneous
15s
More to Explore
Quiz From the Vault
Featured Blog Post
15 Basketball Trivia Facts You Can Be March Mad About
hide this ad
You Might Also Like...
Tags
Sporcle Quiz
message
Posted
section
Today's Top Quizzes in Miscellaneous
Browse Miscellaneous
hide this ad
Today's Top Quizzes in Sporcle
Browse Sporcle
Top Contributed Quizzes in Miscellaneous
1
Spring Months consonants
2
The JOE quick-fire general knowledge quiz: Day 166
3
Pick 6: Vegetables
4
Pick 6: Supreme Pizza
5
Four Seasons
6
The JOE quick-fire general knowledge quiz: Day 165
7
Pick 6: University Mascots
8
Guess the 'S' Things in 3 Words
9
Sporcle Acrostic Puzzle XXXV
10
Guess the 'T' Things in 3 Words
Explore More
Trending Topics
Kpop
Marvel
Crossword
Harry Potter
NBA
Disney
Anime
The Office
NFL
Puzzle
Country
Pokémon
Soccer
WWE
Song
hide this ad
More By:
Gjarble
Quiz
Plays
Rating
Category
Featured
Created
Video Game Intros
26,933
4.47
Gaming
May 26, 2010
Video Game Intros (8-Bit & 16-Bit)
22,569
4.23
Gaming
Apr 29, 2010
Video Game Music with Vocals
14,970
4.03
Gaming
Mar 11, 2010
Video Game Intros (2006-2010) [video]
1,718
4.47
Gaming
Jan 4, 2011
Variations on the Mario Theme (clips)
1,250
4.32
Gaming
Sep 3, 2010
Go to Creator's Profile
Score Distribution
Quiz Creator Spotlight
Gjarble
Follow
Send a Message
Quizzes Created
-
Created Quiz Play Count
-
More By This Creator
Popular Quizzes Today
1
Countries of Asia Without Outlines Minefield
2
Find the US States - No Outlines Minefield
3
Pick 6: Fruits
4
Alphabetical 'K' Countries by Flag Minefield
5
The Countries of the World
6
Find the Countries of Europe - No Outlines Minefield
7
Find the US States
8
US States
More Miscellaneous Quizzes
It's Over 9000: Record-Setting Collections
Published
Trending Quizzes
Pick 6: Mountains
Pick 6: Harry Potter
Pick 6: Flags
Pick 6: NFL Teams
Pick 6: Movie Franchises
Recently Updated
Adaptations: Name the Title
pecheneg
NWSL Teams
pecheneg
Women's Final Four Teams by Year
bhenderson79
Presidents Quartet II
eogle
Anything But Clue(do)
eogle
Anything But Oceanian Capitals
eogle
Anything But 7
eogle
Anything But Thing
eogle
Word Ladder: February 29
pecheneg
Song Title Questions
pecheneg
Trending Topics
Marvel
Harry Potter
Anime
Kpop
NBA
Crossword
Disney
NFL
Soccer
Pokémon
Country
Song
WWE
Puzzle
The Office
Your Account Isn't Verified!
In order to create a playlist on Sporcle, you need to verify the email address you used during registration. Go to your
Sporcle Settings
to finish the process.
Report this User
Report this user for behavior that violates our
Community Guidelines
.
Details:
Send Report
Go to the Sporcle.com Mobile Site →
Comments